01001nam a2200241 i 450000100060000000300090000600500170001500700030003200800410003510000250007624502020010126000550030330000340035870000250039270000370041770000370045470000330049170000350052470000320055985200310059199900170062295201200063959060ES-MaACL20230906163943.0t|031027s1958 sp ||||1| spa d1 aEdlbacher, S.94664310aTratado de química fisiológica / cS. Edlbacher, F. Leuthardt ; traducción del alemán por L. y F. Fernández Sánchez, J. Moreno Calvo y A. Yusta Almarza ; prólogo de Angel Santos Ruiz. aMadrid : bAguilar, c1958 (eBilbao : fGrijelmo) aXX, 883 p. : bil. ; c24 cm.1 aLeuthardt, F.9719031 aFernández Sánchez, L.9500701 aFernández Sánchez, F.9500650 aMoreno Calvo, José.9833380 aYusta Almarza, Albino.91177531 aSantos Ruiz, Angel.9103531 aES-MaACLjA-4129 bR.41604 c59060d59060 00104070aATENEOMbATENEOMcSPP1d2008-01-17eSCl0oA-4129p1061951r2023-02-23 00:00:00w2023-02-23yMONOGRAFIA